[Event "32. Copenhagen Open (Politiken Cup)"]
[Site "Elsinore"]
[Date "2010.08.01"]
[Round "3"]
[White "Mchedlishvili, Mikheil"]
[Black "Christensen, Svend Ellegaard"]
[Result "1-0"]
[WhiteElo "2625"]
[BlackElo "2226"]
[PlyCount "73"]
[EventDate "2010.07.31"]
[EventType "swiss"]
[EventRounds "10"]
[EventCountry "DEN"]
[Source "ChessBase"]
[SourceDate "2010.09.01"]

1. d4 d6 2. Nf3 Nf6 3. c4 Nbd7 4. Nc3 e5 5. Bg5 Be7 6. e3 c6 7. Qc2 Qc7 8.
O-O-O a6 9. g4 Nf8 10. h3 h5 11. gxh5 Rxh5 12. h4 Bd7 13. c5 Ne6 14. cxd6 Bxd6
15. dxe5 Bxe5 16. Nxe5 Qxe5 17. Be2 Rh8 18. Bxf6 Qxf6 19. Ne4 Qe7 20. Nd6+ Kf8
21. Nf5 Qd8 22. Qd2 Qb6 23. Qd6+ Kg8 24. Ne7+ Kh7 25. Bd3+ g6 26. Nxg6 Qc5+ 27.
Qxc5 Nxc5 28. Nxh8+ Kxh8 29. Bc2 Be6 30. a3 a5 31. Rhg1 Nd7 32. Rg5 Nf6 33.
Rdg1 b6 34. e4 Rg8 35. Rxg8+ Nxg8 36. f4 f6 37. Rd1 1-0

[Event "32. Copenhagen Open (Politiken Cup)"]
[Site "Elsinore"]
[Date "2010.08.01"]
[Round "3"]
[White "Mollmann, Erik"]
[Black "Moller, Arne"]
[Result "0-1"]
[WhiteElo "1698"]
[BlackElo "1907"]
[PlyCount "98"]
[EventDate "2010.07.31"]
[EventType "swiss"]
[EventRounds "10"]
[EventCountry "DEN"]
[Source "ChessBase"]
[SourceDate "2010.09.01"]

1. d4 Nf6 2. Bf4 e6 3. e3 c5 4. c3 d5 5. Nd2 Nc6 6. Bd3 Bd7 7. Ngf3 c4 8. Bc2
g6 9. Ne5 Nh5 10. Nxd7 Qxd7 11. Bg5 f6 12. Bh4 Be7 13. g4 Ng7 14. f4 O-O-O 15.
Qe2 e5 16. O-O-O exd4 17. exd4 Bd6 18. Bxf6 Rde8 19. Qf3 Bc7 20. Bxg7 Qxg7 21.
Qxd5 Bxf4 22. Qxc4 Kb8 23. d5 Bxd2+ 24. Rxd2 Ne5 25. Qb4 Nf3 26. Qf4+ Ne5 27.
g5 Rhf8 28. Qb4 Nf3 29. Rdd1 Qe5 30. h4 Rf4 31. Qb3 Qe3+ 32. Kb1 Nd2+ 33. Rxd2
Qxd2 34. a3 Re1+ 35. Rxe1 Qxe1+ 36. Bd1 Qd2 37. d6 Qxd6 38. Be2 Rxh4 39. Qg8+
Kc7 40. Qf7+ Qd7 41. Qf2 Qf5+ 42. Qxf5 gxf5 43. Kc2 Kd6 44. Kd2 Ke5 45. Ke3 f4+
46. Kf3 Kf5 47. c4 Rh3+ 48. Kg2 Rb3 49. Kf1 Kxg5 0-1

[Event "32. Copenhagen Open (Politiken Cup)"]
[Site "Elsinore"]
[Date "2010.08.01"]
[Round "3"]
[White "Molvig, Henrik"]
[Black "Hillarp Persson, Tiger"]
[Result "0-1"]
[WhiteElo "2179"]
[BlackElo "2538"]
[PlyCount "80"]
[EventDate "2010.07.31"]
[EventType "swiss"]
[EventRounds "10"]
[EventCountry "DEN"]
[Source "ChessBase"]
[SourceDate "2010.09.01"]

1. d4 e6 2. c4 c5 3. Nf3 cxd4 4. Nxd4 a6 5. Nc3 Qc7 6. e4 Nf6 7. a3 b6 8. Be3
Bb7 9. Bd3 h5 10. h3 d6 11. O-O Nbd7 12. Rc1 Rc8 13. b3 Qb8 14. Re1 Be7 15. Bg5
O-O 16. Bb1 Rfe8 17. Qf3 Bf8 18. Qg3 g6 19. Nf3 Bg7 20. Red1 Rc6 21. Bf4 e5 22.
Bg5 b5 23. Nd2 Ba8 24. Nd5 Rcc8 25. Qf3 Bxd5 26. cxd5 Qb7 27. b4 Nh7 28. Be3
Nb6 29. Bxb6 Qxb6 30. Nb3 Bh6 31. Rc3 Bf4 32. h4 Rxc3 33. Qxc3 Nf6 34. Qc6 Qb8
35. Na5 Ng4 36. Qb7 Bh2+ 37. Kf1 Qd8 38. Qc6 Rf8 39. g3 Qf6 40. Qb6 Bxg3 0-1

[Event "32. Copenhagen Open (Politiken Cup)"]
[Site "Elsinore"]
[Date "2010.08.01"]
[Round "3"]
[White "Munk, Poul"]
[Black "Rodvik, Trym Daniel"]
[Result "1-0"]
[WhiteElo "1959"]
[BlackElo "1750"]
[PlyCount "47"]
[EventDate "2010.07.31"]
[EventType "swiss"]
[EventRounds "10"]
[EventCountry "DEN"]
[Source "ChessBase"]
[SourceDate "2010.09.01"]

1. c4 Nf6 2. Nc3 e6 3. e4 d5 4. e5 Ne4 5. Nxe4 dxe4 6. d4 exd3 7. Qxd3 Qxd3 8.
Bxd3 Bd7 9. Bd2 Bc6 10. f3 Nd7 11. Bc3 a5 12. a3 a4 13. Nh3 Bc5 14. Nf2 O-O 15.
O-O Rfd8 16. Rfd1 Bb6 17. Kf1 Nc5 18. Be2 Nb3 19. Rxd8+ Rxd8 20. Rd1 Rxd1+ 21.
Bxd1 h6 22. Nd3 Na5 23. c5 Bb5 24. Be2 1-0

[Event "32. Copenhagen Open (Politiken Cup)"]
[Site "Elsinore"]
[Date "2010.08.01"]
[Round "3"]
[White "Nielsen, Jan Mose"]
[Black "Christiansen, Johan Sebastian"]
[Result "1-0"]
[WhiteElo "2120"]
[BlackElo "1921"]
[PlyCount "51"]
[EventDate "2010.07.31"]
[EventType "swiss"]
[EventRounds "10"]
[EventCountry "DEN"]
[Source "ChessBase"]
[SourceDate "2010.09.01"]

1. e4 d5 2. exd5 Nf6 3. Nc3 Nxd5 4. Bc4 Nb6 5. Bb3 Nc6 6. Nf3 Bg4 7. Bxf7+ Kd7
8. h3 Bf5 9. d4 Kc8 10. d5 Nb4 11. Nd4 Bd7 12. a3 Na6 13. Bf4 Na4 14. Nxa4 Bxa4
15. Ne6 Qd7 16. b3 Qb5 17. Qg4 Kb8 18. bxa4 Qb2 19. Kd2 Qf6 20. Rab1 b6 21.
Bxc7+ Nxc7 22. Qg3 Kb7 23. Qxc7+ Ka6 24. Nc5+ bxc5 25. Qb7+ Ka5 26. Qb5# 1-0

[Event "32. Copenhagen Open (Politiken Cup)"]
[Site "Elsinore"]
[Date "2010.08.01"]
[Round "3"]
[White "Nielsen, Klaus"]
[Black "Brauener, Jonathan"]
[Result "1/2-1/2"]
[WhiteElo "2095"]
[BlackElo "1885"]
[PlyCount "101"]
[EventDate "2010.07.31"]
[EventType "swiss"]
[EventRounds "10"]
[EventCountry "DEN"]
[Source "ChessBase"]
[SourceDate "2010.09.01"]

1. d4 Nf6 2. Nf3 e6 3. e3 Be7 4. Bd3 O-O 5. O-O b6 6. e4 d6 7. c4 Bb7 8. Qe2 c5
9. e5 Nfd7 10. exd6 Bxd6 11. Ng5 Nf6 12. dxc5 Bxc5 13. Nc3 Nc6 14. Nce4 Nxe4
15. Qxe4 g6 16. Qh4 h5 17. Be2 Qf6 18. Bf3 Rfd8 19. Be3 Bd4 20. Rab1 Na5 21.
Bxb7 Nxb7 22. Qg3 Bxb2 23. Nf3 Qg7 24. Qc7 f5 25. Qc6 Rd6 26. Qb5 Bf6 27. Bf4
Rdd8 28. Rfe1 Nc5 29. Be3 Rac8 30. a4 Ne4 31. Rbc1 Kh8 32. a5 Bc3 33. Red1 bxa5
34. c5 Bf6 35. Qxa5 Nc3 36. Rxd8+ Rxd8 37. Kf1 Nd5 38. c6 Nxe3+ 39. fxe3 Rc8
40. Qa6 Qc7 41. Rc2 g5 42. Ke2 g4 43. Ne1 Be5 44. h3 gxh3 45. gxh3 Bf6 46. Nf3
Rd8 47. Qb7 Qg3 48. c7 Qg2+ 49. Ke1 Qxc2 50. cxd8=Q+ Bxd8 51. Qxa7 1/2-1/2

[Event "32. Copenhagen Open (Politiken Cup)"]
[Site "Elsinore"]
[Date "2010.08.01"]
[Round "3"]
[White "Nielsen, Lars Aaes"]
[Black "Pedersen, Hans Buus"]
[Result "1-0"]
[WhiteElo "2279"]
[BlackElo "2144"]
[PlyCount "125"]
[EventDate "2010.07.31"]
[EventType "swiss"]
[EventRounds "10"]
[EventCountry "DEN"]
[Source "ChessBase"]
[SourceDate "2010.09.01"]

1. e4 e6 2. d4 d5 3. Nc3 Nf6 4. Bg5 dxe4 5. Nxe4 Be7 6. Bxf6 gxf6 7. Qd3 Qd5 8.
Nc3 Bb4 9. Nge2 Nc6 10. O-O-O Bxc3 11. Nxc3 Qg5+ 12. Kb1 Bd7 13. d5 exd5 14. f4
Qf5 15. Re1+ Kf8 16. Nxd5 Rc8 17. h3 Qxd3 18. Bxd3 Be6 19. Nxf6 Nb4 20. Be4 Kg7
21. Nh5+ Kh6 22. a3 Nxc2 23. Kxc2 Kxh5 24. Bxb7 Rb8 25. Bf3+ Kg6 26. g4 Bb3+
27. Kc3 Rhd8 28. Re5 f6 29. Be4+ Kf7 30. Rc5 Rd7 31. Bxh7 Bd5 32. Rd1 c6 33.
Bf5 Rb3+ 34. Kc2 Rdb7 35. h4 Rxb2+ 36. Kc1 Rf2 37. h5 Kg7 38. Rd4 Re7 39. Rc2
Rf1+ 40. Kd2 Rf2+ 41. Kc3 Rf3+ 42. Kb4 Rb7+ 43. Kc5 Rxa3 44. h6+ Kh8 45. Re2
Rb8 46. Kd6 Bf3 47. Re7 c5 48. Kc7 Rab3 49. Rd8+ Rxd8 50. Kxd8 Rb8+ 51. Kc7 Rf8
52. Kd6 c4 53. Rxa7 Be2 54. Ke7 Rb8 55. Kxf6 Rf8+ 56. Ke5 Re8+ 57. Kd4 Rd8+ 58.
Rd7 Rf8 59. Ke3 Re8+ 60. Kd2 Bf3 61. g5 Rf8 62. g6 c3+ 63. Kc1 1-0

[Event "32. Copenhagen Open (Politiken Cup)"]
[Site "Elsinore"]
[Date "2010.08.01"]
[Round "3"]
[White "Nielsen, Morten"]
[Black "Nielsen, Henning"]
[Result "0-1"]
[WhiteElo "1949"]
[BlackElo "2164"]
[PlyCount "222"]
[EventDate "2010.07.31"]
[EventType "swiss"]
[EventRounds "10"]
[EventCountry "DEN"]
[Source "ChessBase"]
[SourceDate "2010.09.01"]

1. e4 e5 2. Bc4 Nf6 3. Nf3 Nc6 4. Ng5 d5 5. exd5 Na5 6. d3 h6 7. Nf3 Bd6 8. Qe2
O-O 9. Nc3 Nxc4 10. dxc4 e4 11. Nd4 Be5 12. Be3 c6 13. O-O-O c5 14. Nb3 b6 15.
Nb5 Re8 16. h3 a6 17. Na3 Bd6 18. Qd2 Qc7 19. Rhf1 Bd7 20. g4 b5 21. Qa5 Rec8
22. Qxc7 Rxc7 23. Rde1 b4 24. Nb1 a5 25. f4 a4 26. N3d2 Re8 27. Bg1 Bc8 28. Re3
Rce7 29. Bh2 Nh7 30. Rfe1 f5 31. Rg1 g5 32. gxf5 Bxf5 33. Rg2 Rg7 34. fxg5 Bxh2
35. Rxh2 Nxg5 36. h4 Nf7 37. Rf2 Nd6 38. b3 axb3 39. cxb3 Rg4 40. Rh2 Bd7 41.
Ree2 e3 42. Nf3 Rf4 43. Ne1 Kh7 44. Nd3 Rfe4 45. Nxc5 Bg4 46. Re1 Nxc4 47. bxc4
Rxc4+ 48. Kb2 Rxc5 49. Kb3 Rxd5 50. Kxb4 Rb8+ 51. Kc4 Be6 52. Kc3 Rc8+ 53. Kb2
Rb5+ 54. Ka1 Bf5 55. Rhe2 Rb4 56. Rxe3 Rxh4 57. Rg1 Rc7 58. Nc3 Rhc4 59. Nd5
Rc1+ 60. Rxc1 Rxc1+ 61. Kb2 Rc6 62. a4 Be6 63. Nf6+ Kg6 64. Ne4 h5 65. Ka3 h4
66. Nf2 Kg5 67. a5 Kf4 68. Rd3 Rc2 69. Nh1 Bf5 70. Rd1 Be4 71. Rf1+ Ke3 72. a6
Rh2 73. Re1+ Re2 74. Rg1 Bd5 75. Kb4 Kd2 76. Kc5 Bf3 77. a7 Re1 78. Rg8 Rxh1
79. a8=Q Bxa8 80. Rxa8 Rg1 81. Kd4 Rg4+ 82. Ke5 Ke3 83. Kf5 Rg3 84. Ra3+ Kf2
85. Ra2+ Kg1 86. Kf4 Rg8 87. Ra1+ Kh2 88. Kf3 Rg2 89. Ra4 h3 90. Rh4 Ra2 91.
Rh8 Rg2 92. Rh4 Rg7 93. Rh8 Re7 94. Rh4 Rc7 95. Rh8 Rf7+ 96. Ke2 Kg3 97. Rg8+
Kh2 98. Rh8 Rf6 99. Ke3 Rf5 100. Rh7 Ra5 101. Kf2 Rf5+ 102. Ke3 Kg2 103. Rg7+
Kf1 104. Rh7 Ra5 105. Kf4 Ra3 106. Kg4 Kg2 107. Rb7 Ra4+ 108. Kf5 Ra2 109. Rg7+
Kf1 110. Kf4 h2 111. Rh7 Kg1 0-1

[Event "32. Copenhagen Open (Politiken Cup)"]
[Site "Elsinore"]
[Date "2010.08.01"]
[Round "3"]
[White "Nielsen, Rogvi Egilstoft"]
[Black "Czarnota, Dorota"]
[Result "0-1"]
[WhiteElo "2062"]
[BlackElo "2214"]
[PlyCount "68"]
[EventDate "2010.07.31"]
[EventType "swiss"]
[EventRounds "10"]
[EventCountry "DEN"]
[Source "ChessBase"]
[SourceDate "2010.09.01"]

1. e4 c6 2. d4 d5 3. f3 e6 4. Nc3 Bb4 5. a3 Bxc3+ 6. bxc3 dxe4 7. Qe2 exf3 8.
Nxf3 Nf6 9. Qe3 Nd5 10. Qf2 Nxc3 11. Bd3 f5 12. Bg5 Qd5 13. Qh4 O-O 14. O-O Nd7
15. Be7 Re8 16. Bb4 e5 17. Bxf5 Nf8 18. Bxc8 Ne2+ 19. Kf2 Ng6 20. Qg5 Nxd4 21.
Bxb7 Rab8 22. Ba6 Nxf3 23. gxf3 Nf4 24. Kg3 c5 25. Rfd1 Qe6 26. Bxc5 Rb2 27.
Qg4 Qxa6 28. Rd7 Qf6 29. Rd6 Ne6 30. Be3 Rxc2 31. Rg1 Re2 32. Bc1 Re7 33. h4 e4
34. f4 Qc3+ 0-1

[Event "32. Copenhagen Open (Politiken Cup)"]
[Site "Elsinore"]
[Date "2010.08.01"]
[Round "3"]
[White "Nilsson, Anders1"]
[Black "Meier, Lars"]
[Result "1-0"]
[WhiteElo "2160"]
[BlackElo "1934"]
[PlyCount "53"]
[EventDate "2010.07.31"]
[EventType "swiss"]
[EventRounds "10"]
[EventCountry "DEN"]
[Source "ChessBase"]
[SourceDate "2010.09.01"]

1. d4 d5 2. Nf3 Nf6 3. c3 Nc6 4. h3 h6 5. Bf4 e6 6. e3 Bd6 7. Nbd2 Ne7 8. Bd3
c5 9. Bxd6 Qxd6 10. Ne5 O-O 11. f4 Nd7 12. Qh5 cxd4 13. exd4 f6 14. Nxd7 Bxd7
15. O-O Be8 16. Qg4 Bf7 17. Rf2 Nc6 18. Re1 e5 19. fxe5 fxe5 20. dxe5 Nxe5 21.
Qg3 Rae8 22. Ref1 Qb6 23. Nb3 Nc6 24. Kh2 d4 25. Rxf7 Rxf7 26. Rxf7 Kxf7 27.
Bg6+ 1-0

[Event "32. Copenhagen Open (Politiken Cup)"]
[Site "Elsinore"]
[Date "2010.08.01"]
[Round "3"]
[White "Pallesen, Jacob"]
[Black "Jessen, Ernst J"]
[Result "1/2-1/2"]
[WhiteElo "2010"]
[BlackElo "1771"]
[PlyCount "44"]
[EventDate "2010.07.31"]
[EventType "swiss"]
[EventRounds "10"]
[EventCountry "DEN"]
[Source "ChessBase"]
[SourceDate "2010.09.01"]

1. d4 e6 2. Nf3 Nf6 3. c4 Be7 4. Nc3 d5 5. Bg5 O-O 6. e3 h6 7. Bh4 c6 8. Bd3
dxc4 9. Bxc4 Nd5 10. Bxe7 Qxe7 11. O-O Nb6 12. Bd3 N8d7 13. Bc2 Rd8 14. Qd3 Nf8
15. Ne5 Nd5 16. a3 Nxc3 17. bxc3 Bd7 18. f4 Rac8 19. e4 Be8 20. f5 f6 21. Ng4
e5 22. Qc4+ Bf7 1/2-1/2

[Event "32. Copenhagen Open (Politiken Cup)"]
[Site "Elsinore"]
[Date "2010.08.01"]
[Round "3"]
[White "Pawlak, Wojciech Zbignew"]
[Black "Nielsen, Kai Gylling"]
[Result "1/2-1/2"]
[WhiteElo "1627"]
[BlackElo "1891"]
[PlyCount "111"]
[EventDate "2010.07.31"]
[EventType "swiss"]
[EventRounds "10"]
[EventCountry "DEN"]
[Source "ChessBase"]
[SourceDate "2010.09.01"]

1. e4 c5 2. Nf3 Nc6 3. d4 cxd4 4. Nxd4 e5 5. Nb5 Nf6 6. Bg5 a6 7. Nd6+ Bxd6 8.
Qxd6 Qa5+ 9. Bd2 Qb6 10. Nc3 Qd4 11. Qxd4 exd4 12. Nd5 Nxd5 13. exd5 Ne7 14.
Bg5 f6 15. Bh4 d6 16. O-O-O Nf5 17. Bg3 b5 18. Bd3 Nxg3 19. hxg3 Bb7 20. Rh4
Bxd5 21. Bxh7 Kf7 22. Be4 Bxe4 23. Rxe4 Rh2 24. Rg1 d3 25. cxd3 Rc8+ 26. Kd2 a5
27. Rh4 Rh8 28. Rxh8 Rxh8 29. Rc1 Ke6 30. Rc7 g6 31. Ra7 a4 32. Rb7 Rh5 33. Rg7
Rf5 34. f3 g5 35. Rb7 Rd5 36. g4 f5 37. gxf5+ Rxf5 38. Ke3 Rc5 39. d4 Rc2 40.
Rxb5 Rxg2 41. a3 g4 42. fxg4 Rxg4 43. Kd3 d5 44. Rb6+ Kf5 45. Rb4 Rg3+ 46. Ke2
Ke4 47. Rxa4 Rg2+ 48. Kf1 Rxb2 49. Ra8 Kxd4 50. a4 Ra2 51. a5 Kd3 52. a6 d4 53.
a7 Kd2 54. Rd8 Rxa7 55. Rxd4+ Ke3 56. Rd8 1/2-1/2

[Event "32. Copenhagen Open (Politiken Cup)"]
[Site "Elsinore"]
[Date "2010.08.01"]
[Round "3"]
[White "Pedersen, Carl Aage"]
[Black "Rasmussen, Morten Fredsgaard"]
[Result "1/2-1/2"]
[WhiteElo "1776"]
[BlackElo "1956"]
[PlyCount "111"]
[EventDate "2010.07.31"]
[EventType "swiss"]
[EventRounds "10"]
[EventCountry "DEN"]
[Source "ChessBase"]
[SourceDate "2010.09.01"]

1. d4 d5 2. c4 c6 3. Nc3 Nf6 4. Nf3 e6 5. Bg5 Be7 6. e3 Nbd7 7. Bd3 dxc4 8.
Bxc4 b5 9. Bd3 Bb7 10. O-O O-O 11. Qe2 b4 12. Ne4 Nxe4 13. Bxe7 Qxe7 14. Bxe4
f5 15. Bd3 c5 16. Bc4 Nb6 17. Ne5 cxd4 18. exd4 a5 19. Rfe1 Nxc4 20. Nxc4 Rfd8
21. Rad1 Qf6 22. b3 Ba6 23. h3 Rac8 24. Qxe6+ Qxe6 25. Rxe6 Bxc4 26. bxc4 Rxc4
27. Re5 a4 28. Ra5 a3 29. d5 Rdc8 30. d6 Rc1 31. Rad5 R8c5 32. Rxc1 Rxd5 33.
Rc6 b3 34. axb3 a2 35. Rc1 Rxd6 36. Ra1 Rd2 37. b4 Rb2 38. Kh2 Rxf2 39. Kg3 Rb2
40. b5 g5 41. b6 Rb3+ 42. Kf2 Rxb6 43. Rxa2 Kg7 44. Ra7+ Kg6 45. Ra2 h5 46. Rc2
h4 47. g3 hxg3+ 48. Kxg3 Rb4 49. Rf2 Rb3+ 50. Kg2 g4 51. hxg4 fxg4 52. Rf8 Rb6
53. Kg3 Kg5 54. Rg8+ Rg6 55. Rxg6+ Kxg6 56. Kxg4 1/2-1/2

[Event "32. Copenhagen Open (Politiken Cup)"]
[Site "Elsinore"]
[Date "2010.08.01"]
[Round "3"]
[White "Pedersen, Jan Kaas"]
[Black "Nielsen, Peter"]
[Result "1-0"]
[WhiteElo "2061"]
[BlackElo "1851"]
[PlyCount "55"]
[EventDate "2010.07.31"]
[EventType "swiss"]
[EventRounds "10"]
[EventCountry "DEN"]
[Source "ChessBase"]
[SourceDate "2010.09.01"]

1. d4 Nf6 2. Nf3 e6 3. Bg5 h6 4. Bh4 c5 5. c3 cxd4 6. Nxd4 Be7 7. Nd2 b6 8. e3
Bb7 9. Bd3 d6 10. Bb5+ Nfd7 11. Bg3 O-O 12. N2f3 Na6 13. Nc6 Bxc6 14. Bxc6 Rb8
15. Bxd6 Bxd6 16. Qxd6 Nf6 17. Qxd8 Rfxd8 18. Ke2 Rd6 19. Ba4 Nc5 20. Bc2 Rbd8
21. Rhd1 Kf8 22. Rxd6 Rxd6 23. Rd1 Rxd1 24. Bxd1 Nfd7 25. Nd4 Ne5 26. Bc2 Ke7
27. b4 Ncd7 28. f4 1-0

[Event "32. Copenhagen Open (Politiken Cup)"]
[Site "Elsinore"]
[Date "2010.08.01"]
[Round "3"]
[White "Brondt, Nicolai Kvist"]
[Black "Jepson, Christian"]
[Result "0-1"]
[WhiteElo "2152"]
[BlackElo "2394"]
[PlyCount "38"]
[EventDate "2010.07.31"]
[EventType "swiss"]
[EventRounds "10"]
[EventCountry "DEN"]
[Source "ChessBase"]
[SourceDate "2010.09.01"]

1. d4 Nf6 2. Nf3 c5 3. c4 cxd4 4. Nxd4 e6 5. Nc3 Bb4 6. g3 O-O 7. Bg2 d5 8.
cxd5 Nxd5 9. Bd2 Bxc3 10. bxc3 e5 11. Nb3 Nc6 12. O-O Nb6 13. Be3 Qc7 14. Nd2
Rd8 15. Qc2 Nd5 16. Bg5 f6 17. e4 Nd4 18. Qb1 Nxc3 19. Qb4 fxg5 0-1

[Event "32. Copenhagen Open (Politiken Cup)"]
[Site "Elsinore"]
[Date "2010.08.01"]
[Round "3"]
[White "Petersen, Nils"]
[Black "Eisele, Per"]
[Result "1-0"]
[WhiteElo "2053"]
[BlackElo "1804"]
[PlyCount "95"]
[EventDate "2010.07.31"]
[EventType "swiss"]
[EventRounds "10"]
[EventCountry "DEN"]
[Source "ChessBase"]
[SourceDate "2010.09.01"]

1. c4 Nc6 2. Nc3 e5 3. Nf3 Nf6 4. a3 h6 5. d4 e4 6. Ne5 d6 7. Nxc6 bxc6 8. e3
Bf5 9. Qa4 Qd7 10. d5 cxd5 11. Qxd7+ Bxd7 12. cxd5 Be7 13. Bc4 O-O 14. O-O Rfe8
15. Rd1 a6 16. b4 Bd8 17. Bb2 Ng4 18. Ne2 Ne5 19. Bxe5 Rxe5 20. Nd4 Bf6 21.
Rac1 Rg5 22. Be2 Bh3 23. Bf1 Bg4 24. Rd2 Rxd5 25. Rxc7 Bd8 26. Rc3 Bd7 27. Bc4
Rg5 28. Ba2 Kf8 29. Ne2 Bf6 30. Rc7 Be6 31. Bxe6 fxe6 32. Nf4 Rb5 33. Nxe6+ Kg8
34. Rcc2 Rb6 35. g3 Be5 36. Nc7 Ra7 37. Nd5 Rb5 38. Rc4 Rb8 39. Rxe4 a5 40. f4
axb4 41. axb4 Bf6 42. Nxf6+ gxf6 43. Kf2 Kf7 44. h4 Ra4 45. Rxd6 f5 46. Rc4
Raxb4 47. Rxb4 Rxb4 48. Rxh6 1-0

[Event "32. Copenhagen Open (Politiken Cup)"]
[Site "Elsinore"]
[Date "2010.08.01"]
[Round "3"]
[White "Petersen, Peter Birk"]
[Black "Greeuw, Sietske"]
[Result "1/2-1/2"]
[WhiteElo "2178"]
[BlackElo "1970"]
[PlyCount "132"]
[EventDate "2010.07.31"]
[EventType "swiss"]
[EventRounds "10"]
[EventCountry "DEN"]
[Source "ChessBase"]
[SourceDate "2010.09.01"]

1. e4 c5 2. Nf3 Nc6 3. d4 cxd4 4. Nxd4 e5 5. Nb5 d6 6. c4 Be7 7. N1c3 a6 8. Na3
Be6 9. Be2 Bg5 10. Nc2 Bxc1 11. Rxc1 Nge7 12. Qd2 Ng6 13. Nd5 O-O 14. O-O Rc8
15. g3 f5 16. exf5 Bxf5 17. Nde3 Bh3 18. Rfd1 Qf6 19. Bg4 Bxg4 20. Nxg4 Qf5 21.
Nge3 Qf7 22. Qd5 Rcd8 23. Rd2 Kh8 24. Qxf7 Rxf7 25. Rcd1 Rdf8 26. Re2 Rd8 27.
h4 h5 28. Nd5 Kh7 29. Nc3 Rfd7 30. Red2 Nge7 31. Ne4 Nf5 32. Kg2 Nfd4 33. Ne3
Ne7 34. Nc2 Nxc2 35. Rxc2 Nc6 36. Ng5+ Kg8 37. Nf3 d5 38. cxd5 Rxd5 39. Rxd5
Rxd5 40. Ng5 g6 41. Rc3 Rd7 42. Ne4 Re7 43. Rb3 Kg7 44. Rb6 Nd8 45. Kf3 Re6 46.
Rb3 b6 47. Rd3 Nc6 48. Rd7+ Re7 49. Rd6 Re6 50. Rd5 Nd4+ 51. Kg2 Re7 52. Rd6
Re6 53. Rd7+ Kf8 54. Ng5 Rc6 55. b3 Ke8 56. Rd5 Rc5 57. Rxc5 bxc5 58. Ne4 Ne6
59. Kf3 Ke7 60. Ke3 Kd7 61. Kd3 Kc6 62. Kc4 a5 63. a3 Nd4 64. Nxc5 Nc2 65. Nd3
Nxa3+ 66. Kc3 Nb5+ 1/2-1/2

[Event "32. Copenhagen Open (Politiken Cup)"]
[Site "Elsinore"]
[Date "2010.08.01"]
[Round "3"]
[White "Porte, Henrik"]
[Black "Helin, Mikael"]
[Result "0-1"]
[WhiteElo "2130"]
[BlackElo "1930"]
[PlyCount "68"]
[EventDate "2010.07.31"]
[EventType "swiss"]
[EventRounds "10"]
[EventCountry "DEN"]
[Source "ChessBase"]
[SourceDate "2010.09.01"]

1. d4 g6 2. c4 Bg7 3. Nc3 d6 4. e4 Nc6 5. Be3 e5 6. d5 Nce7 7. c5 f5 8. f3 Nf6
9. Bb5+ Kf7 10. Nge2 Rf8 11. Rc1 Kg8 12. Bd3 fxe4 13. Bxe4 Nf5 14. Bxf5 gxf5
15. O-O Qe8 16. cxd6 cxd6 17. Qb3 Qg6 18. Nb5 f4 19. Bd2 Ne8 20. Kh1 Rf7 21.
Nec3 Bf5 22. Rfe1 a6 23. Na3 Nf6 24. Nc4 Nh5 25. Qb6 Bf8 26. Qf2 b5 27. Na5 Rg7
28. Ne2 Bd3 29. Kg1 Kh8 30. Bc3 Be7 31. Red1 Bh4 32. Qf1 Rag8 33. Rxd3 Qxd3 34.
Be1 Rxg2+ 0-1

[Event "32. Copenhagen Open (Politiken Cup)"]
[Site "Elsinore"]
[Date "2010.08.01"]
[Round "3"]
[White "Portisch, Lajos"]
[Black "Schou Moldt, Thomas"]
[Result "1-0"]
[WhiteElo "2539"]
[BlackElo "2183"]
[PlyCount "69"]
[EventDate "2010.07.31"]
[EventType "swiss"]
[EventRounds "10"]
[EventCountry "DEN"]
[Source "ChessBase"]
[SourceDate "2010.09.01"]

1. d4 Nf6 2. c4 d6 3. Nc3 e5 4. Nf3 Nbd7 5. e4 Be7 6. Be2 O-O 7. O-O c6 8. Re1
Qc7 9. h3 Re8 10. Bg5 h6 11. Be3 Nf8 12. Rb1 Ng6 13. Bf1 Bd7 14. b4 Rad8 15.
Qc1 Kh7 16. Rb3 Nh5 17. b5 Qc8 18. bxc6 bxc6 19. dxe5 dxe5 20. Bxa7 Nhf4 21.
Kh2 Rg8 22. Be3 f6 23. Na4 Nf8 24. Nb6 Qc7 25. Qb2 N8e6 26. g3 g5 27. Nxd7 Rxd7
28. Rb1 Ng6 29. Rb7 Qxb7 30. Qxb7 Rxb7 31. Rxb7 Ra8 32. h4 Ng7 33. Bh3 gxh4 34.
gxh4 Nh5 35. Bg4 1-0

[Event "32. Copenhagen Open (Politiken Cup)"]
[Site "Elsinore"]
[Date "2010.08.01"]
[Round "3"]
[White "Preuss, Flemming"]
[Black "Rydstrom, Tom"]
[Result "1-0"]
[WhiteElo "2039"]
[BlackElo "1803"]
[PlyCount "71"]
[EventDate "2010.07.31"]
[EventType "swiss"]
[EventRounds "10"]
[EventCountry "DEN"]
[Source "ChessBase"]
[SourceDate "2010.09.01"]

1. f4 e5 2. fxe5 d6 3. exd6 Bxd6 4. Nf3 g5 5. d4 g4 6. Ne5 Qf6 7. Nc3 Bxe5 8.
dxe5 Qxe5 9. g3 Nc6 10. Bg2 Bd7 11. Bf4 Qa5 12. Qd5 O-O-O 13. O-O-O Nge7 14.
Qxf7 Ng6 15. e3 Nce7 16. Qb3 Bc6 17. Bxc6 Nxc6 18. Qe6+ Kb8 19. Qxg4 b5 20. Qe6
b4 21. Qxc6 bxc3 22. Qxc3 Qxc3 23. bxc3 Rde8 24. Rhe1 Re6 25. Rd7 Ra6 26. Bxc7+
Kc8 27. Red1 Rxa2 28. R1d4 Nf8 29. Re7 Ng6 30. Rf7 Ra1+ 31. Kd2 Rh1 32. h4 h5
33. Bd6 Rg1 34. Rxa7 Rh6 35. Rc4+ Kd8 36. Rcc7 1-0

[Event "32. Copenhagen Open (Politiken Cup)"]
[Site "Elsinore"]
[Date "2010.08.01"]
[Round "3"]
[White "Rasmussen, Allan Stig"]
[Black "Willumsen, Henrik"]
[Result "1-0"]
[WhiteElo "2510"]
[BlackElo "2165"]
[PlyCount "61"]
[EventDate "2010.07.31"]
[EventType "swiss"]
[EventRounds "10"]
[EventCountry "DEN"]
[Source "ChessBase"]
[SourceDate "2010.09.01"]

1. e4 c5 2. d3 Nc6 3. f4 Nf6 4. c3 d5 5. e5 Nd7 6. Nf3 e6 7. d4 cxd4 8. cxd4
Qb6 9. Nc3 Be7 10. a3 O-O 11. b4 f6 12. Na4 Qd8 13. Ra2 fxe5 14. dxe5 a6 15.
Bd3 Nb6 16. Nxb6 Qxb6 17. h4 h6 18. Bb1 Nxb4 19. axb4 Bxb4+ 20. Ke2 Bd7 21. Nd4
Rfc8 22. Be3 Rc3 23. Rb2 Bb5+ 24. Kf2 Bc5 25. Qd2 Rxe3 26. Kxe3 Rc8 27. Rd1 g5
28. hxg5 hxg5 29. g3 g4 30. Kf2 Qd8 31. Kg2 1-0

[Event "32. Copenhagen Open (Politiken Cup)"]
[Site "Elsinore"]
[Date "2010.08.01"]
[Round "3"]
[White "Rasmussen, Morten(1956)"]
[Black "Jensen, Michael Agermose"]
[Result "0-1"]
[WhiteElo "1869"]
[BlackElo "2084"]
[PlyCount "76"]
[EventDate "2010.07.31"]
[EventType "swiss"]
[EventRounds "10"]
[EventCountry "DEN"]
[Source "ChessBase"]
[SourceDate "2010.09.01"]

1. d4 f5 2. Nf3 Nf6 3. g3 g6 4. Bg2 Bg7 5. c4 O-O 6. O-O d6 7. Nc3 Nc6 8. Qc2
e5 9. d5 Ne7 10. e4 fxe4 11. Nxe4 Nxe4 12. Qxe4 Bf5 13. Qe2 Bg4 14. h3 Bxf3 15.
Bxf3 Nf5 16. Be3 Bh6 17. g4 Nh4 18. Be4 Bf4 19. Bxf4 Rxf4 20. Rac1 Qf6 21. f3
Rf8 22. Rc3 Qg5 23. Kh2 b6 24. Rd3 h5 25. Rc3 hxg4 26. hxg4 R8f7 27. Kg1 Nf5
28. Kg2 Nd4 29. Qe1 Rh7 30. Rh1 Rxh1 31. Qxh1 Rf7 32. Qc1 Rf4 33. Qe1 Kg7 34.
Rc1 Rf8 35. Rd1 Rh8 36. Qd2 Qh4 37. Qd3 Qh2+ 38. Kf1 Qh1+ 0-1